000 00613nam a22002177a 4500
999 _c15771
_d15771
003 AR-CdUCM
008 190430b ||||| |||| 00| 0 spa d
040 _aMUNICIPALIDAD PROVINCIAL DEL CUSCO
_cBIBLIOTECA MUNICIPAL DEL CUSCO
082 _a869.56 /
_bD69
100 _aDíaz Herrera, Jorge
_91241
245 _aAguafiestas /
260 _bTentempié,
300 _a28 páginas ;
_c20 cm.
500 _aDedicatoria
505 _aContenido: Poesía
650 _aLiteratura peruana
_9169
650 _aSiglo XX.
_98
650 _aPoesías peruanas
_91481
942 _2ddc
_cLIBROS
945 _aacv
_d2019-04-30